|
|
แสดงรายละเอียดบรรณานุกรม |
|
|
Brief Record
: Get Marc (ISO 2709)
: E-mail record
: |
|
|
| LEADER 00000nam 2200000uu 4500 | |||
| 001 206319 | |||
| 003 ULIBM | |||
| 008 110828s2552||||th 000 0 tha d | |||
| 024 978-974-414-109-5 | |||
| 060 0 HD 50 บ214ท 2552. | |||
| 100 0 ^aบราวน์, โทมัส แอล. | |||
| 245 00 ^aเทคนิคการมอบหมายงาน = Delegating work./^bโดย Thomas L. Brown ; ผู้แปล : นิติ มโนตั้งวรพันธุ์. | |||
| 250 ^aพิมพ์ครั้งที่ 1. | |||
| 260 ^aกรุงเทพฯ :^bเอ็กเปอร์เน็ต,^c2552. | |||
| 300 ^aจำนวน 116 หน้า. | |||
| 650 0 ^aการมอบอำนาจหน้าที่. | |||
| 650 0 ^aการนิเทศลูกจ้าง. | |||
| 650 0 ^aการบริหารงานบุคคล. | |||
| 700 0 ^aBrown, Thomas L. | |||
| 700 0 ^aนิติ มโนตั้งวรพันธุ์, ผู้แปล. | |||
| 999 ^aใช้งานได้ทุกระบบ | |||
| คุณยังไม่ได้ล็อกอิน คุณสามารถมีกิจกรรมร่วมกับเว็บไซต์ได้ แต่ต้องล็อกอินก่อน :: |
|
| สถานะ | |||||||||
| 1. | หนังสือทั่วไป สถานะ=หนังสือเก่า - บริการ ณ ห้องสมุด (ห้องเหลือง) | HD 50 บ214ท 2552 ฉ.2 | On Shelf ขอยืม | ||||||
| 2. | หนังสือทั่วไป สถานะ=หนังสือเก่า - บริการ ณ ห้องสมุด (ห้องเหลือง) | HD 50 บ214ท 2552 ฉ.3 | On Shelf ขอยืม | ||||||
| [แสดง 2/2 รายการ] | |||||||||
| รายการใกล้เคียง หัวเรื่อง [การบริหารงานบุคคล.]
|
BibComment |
| คอมเมนท์ทรัพยากรรายการนี้ |
|
|